| 000 | 00360nam a22001217a 4500 | ||
|---|---|---|---|
| 082 | _a621.89 DOW'E | ||
| 100 |
_aHIGGINSON, G. R,DOWSON, D _958929 |
||
| 245 | _aELASTOHDRODYNAMIC LUBRICATION THE FUNDAMNETALS OF ROLLER AND GEAR LUBRICATION | ||
| 260 |
_aLONDON _bPERGMAN _c1966 |
||
| 300 | _a235P | ||
| 650 |
_aELASTOHDRODYNAMIC LUBRICATION _980640 |
||
| 942 | _cBK | ||
| 999 |
_c585535 _d585535 |
||